000 00438nam a2200181Ia 4500
001 40957
005 20240114003359.0
007 ta
008 080130s g b000 u 903 u
041 _a903
082 _a954
_bGr 89 Ne
100 _aGroven, B L .
245 0 _aMod Indian History /
_cB L Groven and S Groven.
_hTextual Documents
653 _aIndian History
653 _aG-History
942 _2ddc
_cBK
999 _c40927
_d40927